| 000 | 01151cam a2200205 4500 | ||
|---|---|---|---|
| 001 | ABS63070 | ||
| 008 | 000000n2000 000 0 eng u | ||
| 035 | _a(Sirsi) u108963 | ||
| 100 | _aWilliams, P. | ||
| 245 | _aPlay by the rules | ||
| 260 | _c2000 | ||
| 490 |
_aEstates Gazette _v(0041) 14 October 2000, 206(1) |
||
| 520 | _aLooks at the professional rule that applies when a seller instructs a solicitor to deal simultaneously with two or more prospective buyers. The requirements are contained in Solicitors' Practice Rules 1990 rule 6A. This requires solicitors to inform all prospective buyers of the number of contracts that have been issued. There is no obligation to reveal the terms that have been negotiated, but the seller should clarify whether there is a genuine 'contract race'. Discusses the principles that underlie rule 6A , the requirements of the rule and ways a determined seller may try to circumvent it. | ||
| 590 | _aABS | ||
| 650 | _aSOLICITORS' PRACTICE RULES 1990 R6A | ||
| 650 |
_aContracts _96232 |
||
| 650 | _aSELLING AGENTS | ||
| 690 | _aMANAGEMENT-BUSINESS MANAGEMENT-PROFESSIONAL PRACTICE | ||
| 942 | _n0 | ||
| 999 |
_c65070 _d65070 |
||